| 000 | 00610nam a22001697a 4500 | ||
|---|---|---|---|
| 999 |
_c15273 _d15273 |
||
| 003 | OSt | ||
| 082 | _2631.75807 REM/IN | ||
| 088 | _aT 32 | ||
| 100 |
_aREMA K. P _92901 |
||
| 245 | _aInfiltration and water advance studies under surge flow furrow irrigation | ||
| 260 |
_aTavanur 1993 _bKelappaji College of Agricultrual Engineering and Technology |
||
| 300 | _a175 | ||
| 500 | _aInfiltration and water advance studies under surge flow furrow irrigation | ||
| 520 | _aInfiltration and water advance studies under surge flow furrow irrigation | ||
| 700 |
_aEr. Xavier K. Jacob (Guide) _92455 |
||
| 942 | _cTH | ||